000
00290nam a22001217a 4500
020
_a
0-8306-3532-7
082
_a
005.7565 MUE'C
100
_a
MUELLER, JOHN
_9
36875
245
_a
THE CLIPPER INTERFACE HANDBOOK
260
_a
NEWYORK
_b
MCGRAW HILL
_c
1991
300
_a
XXVI,692P
942
_c
BK
999
_c
574015
_d
574015